Memoria del curso de 1899, leída en la sesión de clausura del mismo el 30 de diciembre / (Record no. 151607)

MARC details
000 -LEADER
campo de control de longitud fija 00856nam a22001935i 4500
001 - NÚMERO DE CONTROL
campo de control 151607
003 - IDENTIFICADOR DE NÚMERO DE CONTROL
campo de control ES-MaACL
005 - FECHA Y HORA DE LA ÚLTIMA TRANSACCIÓN
campo de control 20230906204304.0
008 - DATOS DE LONGITUD FIJA--INFORMACIÓN GENERAL
campo de control de longitud fija 050921s1900 sp | |||||||| ||spa d
040 ## - FUENTE DE CATALOGACIÓN
Centro catalogador/agencia de origen CAM
Lengua de catalogación spa
Centro/agencia transcriptor CAM
110 2# - ENTRADA PRINCIPAL--NOMBRE DE ENTIDAD CORPORATIVA
Nombre de entidad corporativa o nombre de jurisdicción como elemento de entrada Ateneo de Vitoria.
9 (RLIN) 1848
245 10 - MENCIÓN DEL TÍTULO
Título Memoria del curso de 1899, leída en la sesión de clausura del mismo el 30 de diciembre /
Mención de responsabilidad, etc. por Julián Vera-Fajardo.
260 ## - PUBLICACIÓN, DISTRIBUCIÓN, ETC.
Lugar de publicación, distribución, etc. Vitoria :
Nombre del editor, distribuidor, etc. [s.n.],
Fecha de publicación, distribución, etc. 1900 (
Fabricante Establecimiento tipográfico de Domingo Sar)
300 ## - DESCRIPCIÓN FÍSICA
Extensión 33 p. ;
Dimensiones 28 cm.
594 ## - Nota al título y mención de responsabilidad
Nota al título y mención de responsabilidad Precede al tít.: Ateneo Científico, Literario y Artístico de Vitoria.
594 ## - Nota al título y mención de responsabilidad
Nota al título y mención de responsabilidad Tít. de la cub.: "Memoria del curso de 1899 y de los Juegos florales ..."
610 2# - PUNTO DE ACCESO ADICIONAL DE MATERIA--NOMBRE DE ENTIDAD CORPORATIVA
Nombre de entidad corporativa o nombre de jurisdicción como elemento de entrada Ateneo de Vitoria-
Subdivisión de forma Memorias.
9 (RLIN) 151231
852 ## - LOCALIZACIÓN
Ubicación ES-MaACL
Número de control de estantería T-995-F-3
Nota libre -- Enc. hol., conservando la cub. original
-- -- Enc. en un vol. facticio
Holdings
Estatus retirado Estado de pérdida Estado de daño No para préstamo Colección Biblioteca de origen Biblioteca actual Ubicación en estantería Fecha de adquisición Total de préstamos Signatura topográfica completa Código de barras Visto por última vez Precio de reemplazo Tipo de ítem Koha
        Colección de folletos Biblioteca del Ateneo de Madrid Biblioteca del Ateneo de Madrid Depósito folletos 17/01/2008   T-995-F-3 1158216 23/02/2023 23/02/2023 Folleto